[Event "Zichichi Memorial"]
[Site "Ladispoli"]
[Date "2008.05.??"]
[Round "3"]
[White "Maggi, Fabrizio"]
[Black "Iacoacci, Giancarlo"]
[Result "1-0"]
[WhiteElo "2003"]
[BlackElo "1767"]
[PlyCount "73"]
[EventDate "2008.05.01"]
[EventType "swiss"]
[EventRounds "7"]
[EventCountry "ITA"]
[SourceTitle "EXT 2009"]
[Source "ChessBase"]
[SourceDate "2008.11.26"]
[SourceVersion "1"]
[SourceVersionDate "2008.11.26"]
[SourceQuality "1"]

1. e4 c6 2. d4 d5 3. exd5 cxd5 4. c4 Nf6 5. Nc3 Nc6 6. Nf3 e6 7. a3 Be7 8. Bd3 h6 9. 0-0 b6 10. cxd5 Nxd5 11. Ne5 Nxe5 12. dxe5 0-0 13. Ne4 Qc7 14. f4 f5 15. exf6 Nxf6 16. Qe2 Nd5 17. Bd2 Bf6 18. Nxf6+ Rxf6 19. Qh5 Qf7 20. Qe5 Bb7 21. Rac1 Rd8 22. Bb1 Ne7 23. Bc3 Ng6 24. Qe3 Rxf4 25. Rxf4 Nxf4 26. Rf1 Nxg2 27. Rxf7 Nxe3 28. Rxg7+ Kf8 29. Rxb7 Rd1+ 30. Kf2 Ng4+ 31. Kg3 Rg1+ 32. Kf4 e5+ 33. Kf5 Nxh2 34. Bd3 Rg5+ 35. Ke6 Ng4 36. Bh7 h5 37. Bb4+ 1-0

[Event "Rome Autunno Accademia op"]
[Site "Rome"]
[Date "2007.10.13"]
[Round "2"]
[White "Maggi, Fabrizio"]
[Black "Cobas Ferrer, Dayamy"]
[Result "1/2-1/2"]
[WhiteElo "1960"]
[BlackElo "1994"]
[PlyCount "36"]
[EventDate "2007.10.12"]
[EventType "swiss"]
[EventRounds "5"]
[EventCountry "ITA"]
[SourceTitle "EXT 2010"]
[Source "ChessBase"]
[SourceDate "2010.11.25"]
[SourceVersion "1"]
[SourceVersionDate "2010.11.25"]
[SourceQuality "1"]

1. c4 Nf6 2. Nc3 d6 3. d4 Nbd7 4. e4 e5 5. Nf3 Be7 6. Be2 0-0 7. 0-0 c6 8. Re1 Re8 9. Bf1 exd4 10. Nxd4 Bf8 11. f3 a5 12. Be3 Ne5 13. Rc1 Be6 14. b3 Rc8 15. Na4 Bd7 16. Nc3 Be6 17. Na4 Bd7 18. Nc3 Be6 1/2-1/2

[Event "ITA-ch U20"]
[Site "Fiuggi"]
[Date "2007.07.26"]
[Round "9"]
[White "Maggi, Fabrizio"]
[Black "Coladangelo, Andrea"]
[Result "1-0"]
[WhiteElo "1895"]
[BlackElo "1783"]
[PlyCount "125"]
[EventDate "2007.07.18"]
[EventType "swiss"]
[EventRounds "9"]
[EventCountry "ITA"]
[SourceTitle "CBM 119 Extra"]
[Source "ChessBase"]
[SourceDate "2007.09.04"]
[SourceVersion "1"]
[SourceVersionDate "2007.09.04"]
[SourceQuality "1"]

1. c4 Nf6 2. Nc3 g6 3. e4 d6 4. d4 Bg7 5. Nge2 0-0 6. Ng3 e5 7. d5 c6 8. Be2 cxd5 9. cxd5 Nbd7 10. h4 h5 11. Bg5 Qb6 12. Rb1 a5 13. Na4 Qb4+ 14. Bd2 Qd4 15. Qc2 Ne8 16. a3 Qa7 17. Be3 Qb8 18. Nb6 Nxb6 19. Bxb6 Bd7 20. Qd2 a4 21. Rc1 Bf6 22. Rc3 Bd8 23. Bxd8 Qxd8 24. Qh6 Qf6 25. Nxh5 gxh5 26. Rg3+ Bg4 27. Qxh5 Ng7 28. Qxg4 Qh6 29. Qg5 Qxg5 30. Rxg5 f5 31. h5 Kf7 32. h6 Ne8 33. Rxf5+ Nf6 34. h7 Kg7 35. Rg5+ Kh8 36. f3 Rac8 37. Kd2 Rc7 38. Rg6 Rxh7 39. Rxh7+ Kxh7 40. Rg3 Nd7 41. Bb5 Nc5 42. Kc3 Kh6 43. Kb4 Re8 44. Rh3+ Kg5 45. g3 Rf8 46. Be2 Kg6 47. g4 Kg5 48. Rh5+ Kg6 49. Kb5 Re8 50. Bd1 Ra8 51. Bc2 Rf8 52. Rf5 Ra8 53. g5 Nd7 54. Bxa4 Ra6 55. Kb4 Rb6+ 56. Kc3 Nc5 57. Bc2 Kh5 58. b4 Na6 59. Bd3 Nc7 60. a4 Na6 61. Bxa6 Rxa6 62. a5 Ra8 63. Kb3 1-0

[Event "ITA-ch U20"]
[Site "Fiuggi"]
[Date "2007.07.22"]
[Round "5"]
[White "Maggi, Fabrizio"]
[Black "Bosi, Clint"]
[Result "1-0"]
[WhiteElo "1895"]
[BlackElo "2080"]
[PlyCount "65"]
[EventDate "2007.07.18"]
[EventType "swiss"]
[EventRounds "9"]
[EventCountry "ITA"]
[SourceTitle "CBM 119 Extra"]
[Source "ChessBase"]
[SourceDate "2007.09.04"]
[SourceVersion "1"]
[SourceVersionDate "2007.09.04"]
[SourceQuality "1"]

1. c4 Nf6 2. Nc3 g6 3. e4 d6 4. d4 Bg7 5. Nge2 0-0 6. Ng3 e5 7. d5 Ne8 8. h4 f5 9. exf5 gxf5 10. Nh5 Nf6 11. Bg5 Nbd7 12. Qd2 Rf7 13. Be2 Qf8 14. 0-0-0 Kh8 15. Rdg1 Nc5 16. Nxg7 Qxg7 17. f3 a5 18. Be3 b6 19. h5 f4 20. Bf2 Bf5 21. g4 Bd7 22. g5 Nxh5 23. Rxh5 Bf5 24. Bxc5 bxc5 25. Bd3 Rg8 26. g6 Bxd3 27. Qxd3 Rf6 28. Rhg5 h6 29. R5g4 Rc8 30. Ne4 Rff8 31. Rh1 Kg8 32. Rgh4 Qxg6 33. Rg4 1-0

[Event "ITA-ch U20"]
[Site "Fiuggi"]
[Date "2007.07.18"]
[Round "1"]
[White "Navarro, Stefano"]
[Black "Maggi, Fabrizio"]
[Result "1-0"]
[WhiteElo "2242"]
[BlackElo "1895"]
[PlyCount "87"]
[EventDate "2007.07.18"]
[EventType "swiss"]
[EventRounds "9"]
[EventCountry "ITA"]
[SourceTitle "CBM 119 Extra"]
[Source "ChessBase"]
[SourceDate "2007.09.04"]
[SourceVersion "1"]
[SourceVersionDate "2007.09.04"]
[SourceQuality "1"]

1. e4 e6 2. d4 d5 3. exd5 exd5 4. c4 Nf6 5. Nc3 Be7 6. Bd3 dxc4 7. Bxc4 0-0 8. Nge2 Nbd7 9. 0-0 Nb6 10. Bb3 c6 11. Re1 h6 12. Nf4 Bf5 13. h3 Bb4 14. a3 Bd6 15. Qf3 Bh7 16. Bd2 a5 17. Rad1 a4 18. Ba2 Bc2 19. Rc1 Bh7 20. Rcd1 Bc2 21. Rc1 Bh7 22. Be3 Re8 23. Red1 Qd7 24. d5 c5 25. Nd3 Rac8 26. Bxh6 Qf5 27. Qxf5 Bxf5 28. Be3 c4 29. Nb4 Bxb4 30. axb4 Nfd7 31. Bb1 Bxb1 32. Rxb1 Ra8 33. Ra1 Ra6 34. Nb5 Rc8 35. Bf4 Nf6 36. Nc3 Raa8 37. Be3 Nbd7 38. Rxa4 Rxa4 39. Nxa4 Ne5 40. Rd4 b5 41. Nc5 Rd8 42. Bf4 Ng6 43. Bg5 Ne7 44. Ne4 1-0